000 00393nam a2200169Ia 4500
005 20240823041928.0
008 240823s9999||||xx |||||||||||||| ||und||
041 _aENGLISH
082 _A519 Q3
100 _aPalanimani P G
245 0 _aMathematics -I
250 _a1st
260 _c2013
_bpratheeba Publi
500 _aTRANSFERED
650 _aMathematics
_bMathematics
942 _cBK
999 _c206670
_d206670